[Event "HUN-chT1 9697"]
[Site "Hungary"]
[Date "1996.??.??"]
[Round "6"]
[White "Szilagyi, Peter"]
[Black "Hradeczky, Tamas"]
[Result "1-0"]
[WhiteElo "2415"]
[BlackElo "2245"]

1.Nf3 Nf6 2.c4 e6 3.Nc3 c5 4.g3 b6 5.Bg2 Bb7 6.O-O Be7 7.Re1 O-O 8.e4 d6
9.d4 cxd4 10.Nxd4 Qc8 11.Bg5 a6 12.Rc1 Nbd7 13.f4 h6 14.Bh4 Re8 15.e5 dxe5
16.fxe5 Nh7 17.Bxe7 Bxg2 18.Kxg2 Rxe7 19.Qf3 Nc5 20.h4 Qb7 21.Red1 Rc8 22.b4 Qxf3+
23.Nxf3 Nd7 24.Na4 Rc7 25.Rd6 b5 26.Nb2 g5 27.Rxa6 g4 28.Nd4 Nxe5 29.Nxb5 Rb7
30.a3 Nf6 31.Nd6 Red7 32.c5 Rb8 33.Nbc4 Nxc4 34.Rxc4 h5 35.Kf2 Nd5 36.Rd4 Ne7
37.c6 Rc7 38.b5 Nd5 39.a4 Kf8 40.Nc4 Nb4 41.Rb6 Ra8 42.Rb7  1-0

[Event "ISR-chT"]
[Site "Israel"]
[Date "1996.??.??"]
[Round "2"]
[White "Soffer, Ram"]
[Black "Gruenfeld, Yehuda"]
[Result "1/2-1/2"]
[WhiteElo "2530"]
[BlackElo "2520"]

1.Nf3 Nf6 2.c4 e6 3.Nc3 c5 4.g3 d5 5.cxd5 Nxd5 6.Bg2 Nc6 7.O-O Be7 8.d4 O-O
9.Nxd5 exd5 10.dxc5 Bxc5 11.Ne1 d4 12.Nd3 Bb6 13.Bd2 Re8 14.Re1 Bf5 15.Rc1  1/2-1/2

[Event "Italy op"]
[Site "Italy"]
[Date "1996.??.??"]
[Round "6"]
[White "Laketic, Gojko"]
[Black "Scavo, Fernando"]
[Result "1/2-1/2"]
[WhiteElo "2465"]
[BlackElo "2150"]

1.c4 Nf6 2.Nc3 c5 3.Nf3 b6 4.e4 d6 5.d4 cxd4 6.Nxd4 Bb7 7.Bd3 g6 8.O-O Bg7
9.Be3 O-O 10.Rc1 Nbd7 11.f3 Rc8 12.Be2 Re8 13.Qd2 Ne5 14.b3 Qd7 15.Rfd1 Red8
16.Qe1 Ba8 17.Qh4 Nc6 18.Ndb5 a6 19.Na3 Qb7 20.Nab1 Nb8 21.Kh1 e6 22.Qf2 Rc6
23.f4 d5 24.e5 Ne8 25.cxd5 exd5 26.Bf3 Nc7 27.Na4 Rxc1 28.Rxc1 b5 29.Nb6 Nd7
30.Nc3 Nxb6 31.Bxb6 Rd7 32.Rd1 Bh6 33.f5 gxf5 34.h3 Bg7 35.Bxc7 Qxc7 36.Nxd5 Bxd5
37.Bxd5 Bxe5 38.Qxf5 Bg7 39.Qd3 Kh8 40.Qf3 Re7 41.Rf1 Qc3 42.Qf4 Qe3 43.Qf5 Qe5
44.Qg4 h5 45.Qh4 Qe2 46.Rc1 Qe5 47.Bf3 Bf6 48.Qxh5+ Qxh5 49.Bxh5 Bh4 50.Kg1 Kg7
51.Kf1 Re3 52.Be2 Re6 53.Rc3 Rf6+ 54.Kg1 Re6 55.Bh5 Re1+ 56.Kh2 Bf6 57.Rd3 Be5+
58.g3 Ra1 59.Rd2 f6 60.Kg2 Rb1 61.Be2 Ra1 62.Bd3 Rc1 63.h4 Bc3 64.Rf2 Rd1
65.Rf3 Rd2+ 66.Kh3 Be5 67.Bf5 b4 68.Re3 a5 69.Re4 Rxa2 70.Rg4+ Kh8 71.Bd7 Rd2
72.Bb5 Rd4 73.Rg6 Rd5  1/2-1/2

[Event "ISR-ch"]
[Site "Jerusalem"]
[Date "1996.??.??"]
[Round "2"]
[White "Kanstler, Boris"]
[Black "Greenfeld, Alon"]
[Result "1/2-1/2"]
[WhiteElo "2455"]
[BlackElo "2555"]

1.Nf3 c5 2.c4 Nf6 3.Nc3 e6 4.e3 a6 5.d4 d5 6.cxd5 exd5 7.dxc5 Bxc5 8.Be2 O-O
9.O-O Nc6 10.b3 Bg4 11.Bb2 Qd6 12.Rc1 Ba7 13.Nd4 Bb8 14.g3 Bh3 15.Re1 Ne5
16.Nf3 Nc6 17.Nd4 Ne5 18.Nf3 Nc6 19.Nd4  1/2-1/2

[Event "Kfar Saba"]
[Site "Kfar Saba"]
[Date "1996.??.??"]
[Round "?"]
[White "Alterman, Boris"]
[Black "Greenfeld, Alon"]
[Result "1/2-1/2"]
[WhiteElo "2590"]
[BlackElo "2565"]

1.c4 Nf6 2.Nc3 c5 3.Nf3 e6 4.e3 d5 5.cxd5 exd5 6.d4 a6 7.Be2 Bd6 8.dxc5 Bxc5
9.O-O O-O 10.a3 Nc6 11.b4 Ba7 12.Bb2 Be6 13.Rc1 Rc8 14.b5 axb5 15.Nxb5 Bb8
16.Qa4 Ne4 17.Nbd4 Qd6 18.Nxc6 bxc6 19.Be5 Qe7 20.Bxb8  1/2-1/2

[Event "JUG-ch sf"]
[Site "Kladovo"]
[Date "1996.??.??"]
[Round "?"]
[White "Abramovic, Bosko"]
[Black "Pikula, Dejan"]
[Result "0-1"]
[WhiteElo "2490"]
[BlackElo "2455"]

1.Nf3 Nf6 2.c4 c5 3.Nc3 e6 4.g3 b6 5.Bg2 Bb7 6.O-O d6 7.d4 cxd4 8.Qxd4 a6
9.Rd1 Be7 10.b3 Nbd7 11.e4 Qc8 12.Ba3 Nc5 13.Rac1 O-O 14.Qe3 Qc7 15.Nd4 Rfe8
16.h3 Bf8 17.Bb2 Rac8 18.Nde2 h5 19.Nf4 Qb8 20.Qe2 g6 21.Nd3 Nxd3 22.Rxd3 Nd7
23.Rcd1 b5 24.cxb5 axb5 25.Qe3 Bc6 26.Ne2 Nc5 27.R3d2 Qa8 28.Rxd6 Bxe4 29.b4 e5
30.bxc5 Bxg2 31.Nf4 Bh1 32.c6 Rxc6  0-1

[Event "Klatovy op"]
[Site "Klatovy"]
[Date "1996.??.??"]
[Round "?"]
[White "Jurek, Josef"]
[Black "Lechtynsky, Jiri"]
[Result "1/2-1/2"]
[WhiteElo "2345"]
[BlackElo "2425"]

1.c4 Nf6 2.Nc3 c5 3.Nf3 b6 4.g3 Bb7 5.Bg2 g6 6.b3 Bg7 7.Bb2 O-O 8.O-O d6
9.d4 cxd4 10.Nxd4 Bxg2 11.Kxg2 Qd7 12.e3 Qb7+ 13.Qf3 Qxf3+ 14.Kxf3 Rc8  1/2-1/2

[Event "Klatovy op"]
[Site "Klatovy"]
[Date "1996.??.??"]
[Round "?"]
[White "Lechtynsky, Jiri"]
[Black "Stluka, Petr"]
[Result "1/2-1/2"]
[WhiteElo "2425"]
[BlackElo "2295"]

1.Nf3 Nf6 2.c4 c5 3.Nc3 b6 4.g3 Bb7 5.Bg2 e6 6.O-O Be7 7.Re1 d6 8.e4 a6 9.d4 cxd4
10.Nxd4 Qc7 11.Bg5 Nbd7 12.Rc1 O-O 13.Rc2 Rfe8 14.Qe2 Rad8 15.b3 Qb8 16.Bc1 Bf8
17.Bb2 Nc5 18.Qd1 Qa8 19.Rce2 Ng4 20.Rd2 Nf6 21.Rde2 Ng4 22.h3 Ne5 23.Rd2 Qb8
24.f4 Ng6 25.Nc2 Ba8 26.Qe2 Nd7 27.Qf1 h5 28.Ne3 Nf6 29.a4 Qc7 30.Qf2 Qc5
31.Nc2 Qxf2+ 32.Kxf2 h4 33.Bf3 hxg3+ 34.Kxg3 Be7 35.Rh1 Nd7 36.h4 Nc5 37.b4 Nd7
38.h5 Ngf8 39.Ne3 Nf6 40.Rg2 Kh7 41.Kf2 N8d7 42.Rhg1 Rg8 43.Bd1 Bxe4 44.Nxe4 Nxe4+
45.Kf3 Nef6 46.Bc2+ Kh8 47.Rh1 Rgf8 48.Rhg1 Rg8 49.Rh2 Rgf8 50.Rhg2  1/2-1/2

[Event "Koszalin op"]
[Site "Koszalin"]
[Date "1996.??.??"]
[Round "3"]
[White "Buturin, Vladimir"]
[Black "Markowski, Damian"]
[Result "1-0"]
[WhiteElo "2445"]
[BlackElo "2270"]

1.Nf3 Nf6 2.c4 c5 3.Nc3 d5 4.cxd5 Nxd5 5.g3 Nc6 6.Bg2 Nc7 7.O-O e5 8.a3 Be7
9.b4 f6 10.bxc5 Bxc5 11.Bb2 Be6 12.Na4 Be7 13.d4 e4 14.Nd2 Nxd4 15.Bxe4 Nb3
16.Nxb3 Qxd1 17.Rfxd1 Bxb3 18.Rdc1 Ne6 19.Nc3 Nc5 20.Bf3 Rd8 21.a4 Bf7 22.Rd1 O-O
23.Nd5 Bd6 24.a5 Be6 25.Ba3 Nb3 26.Bxd6 Nxa1 27.Bxf8 Kxf8 28.Rxa1 Rxd5 29.Bxd5 Bxd5
30.Rc1 h6 31.Rc5 Be6 32.e4 Bg4 33.Rc7  1-0

[Event "Koszalin op"]
[Site "Koszalin"]
[Date "1996.??.??"]
[Round "8"]
[White "Ivanov, Timur"]
[Black "Muhtarov, Leonid"]
[Result "1-0"]
[WhiteElo "2370"]
[BlackElo "2200"]

1.Nf3 c5 2.c4 Nf6 3.Nc3 e6 4.g3 Nc6 5.Bg2 Be7 6.O-O O-O 7.d4 cxd4 8.Nxd4 Ne5
9.b3 a6 10.Bb2 Qc7 11.Rc1 d6 12.Qd2 Bd7 13.Rfd1 Rac8 14.f4 Ng6 15.e4 Rfe8
16.h3 Qb8 17.a4 Qa7 18.Kh2 Qb6 19.Nce2 Qc7 20.Re1 h5 21.f5 Ne5 22.fxe6 fxe6
23.Nf4 Bd8 24.Ba3 Qb8 25.Nf3 Nf7 26.Ng6 Bc7 27.Qe3 Kh7 28.e5 Kxg6 29.Qd3+ Kh6
30.Nh4 Nh8 31.exf6 g5 32.Rcd1 Rg8 33.Bc1 Nf7 34.Re2 Rcf8 35.Rde1 Qd8 36.Rxe6 Bxe6
37.Rxe6 d5 38.Bxd5 Ne5 39.Qf5 Nf7 40.Nf3 Bb8 41.h4 Rg6 42.Qxg6+ Kxg6 43.Be4+ Kh6
44.Bxg5+ Nxg5 45.hxg5+  1-0

[Event "Kuala Lumpur schev"]
[Site "Kuala Lumpur"]
[Date "1996.??.??"]
[Round "12"]
[White "Murugan, Krishnamoorthy"]
[Black "Ooi Chern Ee"]
[Result "0-1"]
[WhiteElo "2410"]
[BlackElo "2220"]

1.Nf3 Nf6 2.c4 c5 3.Nc3 e6 4.g3 b6 5.Bg2 Bb7 6.O-O d5 7.cxd5 Nxd5 8.d4 Nxc3
9.bxc3 Be7 10.Qd3 Nc6 11.Bb2 O-O 12.Rfd1 cxd4 13.cxd4 Rc8 14.a3 Na5 15.Bc3 b5
16.Rab1 a6 17.a4 Bc6 18.Ne5 Bxg2 19.Kxg2 bxa4 20.e4 f5 21.Be1 Bd6 22.Qxa6 Ra8
23.Qe2 Bxe5 24.dxe5 Qc7 25.Rdc1 Qd7 26.Bb4 Rfe8 27.Bd6 Rec8 28.exf5 exf5
29.Qf3 Qe6 30.Rc7 Re8 31.Re7 Qc8 32.Rxe8+ Qxe8 33.Qxf5 Nc4 34.Rc1 a3 35.Qf3 Qa4
36.Qd5+ Kh8  0-1

[Event "Las Palmas op"]
[Site "Las Palmas"]
[Date "1996.??.??"]
[Round "4"]
[White "Gonzalez Aguirre, Luis"]
[Black "Rodriguez Lopez, Rafael"]
[Result "0-1"]
[WhiteElo "2145"]
[BlackElo "2410"]

1.c4 c5 2.Nc3 Nf6 3.Nf3 e6 4.g3 b6 5.Bg2 Bb7 6.O-O Be7 7.d4 cxd4 8.Nxd4 Bxg2
9.Kxg2 Qc8 10.Qd3 Na6 11.b3 O-O 12.Bb2 Nc5 13.Qf3 Re8 14.Rfd1 a6 15.Rac1 Qc7
16.Nc2 Rac8 17.Ne3 d6 18.Ng4 Qb8 19.Nb1 Nfd7 20.Qc3 Qb7+ 21.Qf3 Rc6 22.Qc3 Nf6
23.f3 Rcc8 24.Nxf6+ Bxf6 25.Qc2 Be7 26.e4 b5 27.Qf2 h6 28.cxb5 axb5 29.Bd4 Rc6
30.Qb2 Bf8 31.b4 Na4 32.Qd2 Rec8 33.Nc3 Nb6 34.Bxb6 Qxb6 35.Ne2 Rc4 36.Rxc4 bxc4
37.a3 Be7 38.Nc3 Bg5 39.Qxd6 Qe3  0-1

[Event "Las Palmas op"]
[Site "Las Palmas"]
[Date "1996.??.??"]
[Round "5"]
[White "Villavicencio, Adalberto"]
[Black "Miezis, Normunds"]
[Result "0-1"]
[WhiteElo "2275"]
[BlackElo "2530"]

1.Nf3 c5 2.c4 Nf6 3.Nc3 d5 4.cxd5 Nxd5 5.g3 Nc6 6.Bg2 Nxc3 7.bxc3 e5 8.d3 Be7
9.Nd2 Qc7 10.Nc4 Be6 11.Ne3 Qd7 12.Qa4 Rc8 13.Rb1 b6 14.Nc4 Bf6 15.O-O O-O
16.Rd1 Rfd8 17.Ne3 h5 18.h4 Bh3 19.Qe4 Bxg2 20.Kxg2 Qe6 21.c4 Nd4 22.Nd5 Be7
23.Bb2 f5 24.Qe3 g6 25.Bxd4 cxd4 26.Nxe7+ Qxe7 27.Qh6 Rd6 28.Rb5 Rf6 29.Rdb1 Rcc6
30.Rd5 f4 31.Rbb5 fxg3 32.f3 Rf5 33.Kxg3 Rcf6 34.Rb1 g5 35.Qxh5 gxh4+ 36.Qxh4 Rg6+
37.Kh3 Rfg5 38.f4 Qe6+ 39.Kh2 Rh6 40.Rd8+ Kh7  0-1

[Event "Las Palmas op"]
[Site "Las Palmas"]
[Date "1996.??.??"]
[Round "6"]
[White "Ivanov, Mikhail M"]
[Black "Calzetta, Monica"]
[Result "1-0"]
[WhiteElo "2465"]
[BlackElo "2235"]

1.Nf3 Nf6 2.c4 g6 3.Nc3 c5 4.d4 cxd4 5.Nxd4 Bg7 6.e4 Nc6 7.Be3 Ng4 8.Qxg4 Nxd4
9.Qd1 Ne6 10.Be2 Bxc3+ 11.bxc3 b6 12.Qd5 Ba6 13.f4 Qb8 14.Rd1 O-O 15.O-O d6
16.f5 Bb7 17.Qd2 Nc5 18.Bh6 Nxe4 19.Qd4 Nf6 20.fxg6 fxg6 21.Bg4 Qc7 22.Be6+ Kh8
23.Rf2 Qc5 24.Bxf8 Rxf8 25.Qxc5 bxc5 26.Rb1 Bc6 27.Bd5 Bxd5 28.cxd5 Kg7 29.c4 Rd8
30.Rb7 Rd7 31.Rfb2 Kf7 32.Rxd7 Nxd7 33.Rb7 Ne5 34.Rxa7 Nxc4 35.a4 Nb6 36.a5 Nxd5
37.Rb7 Nb4 38.Rb6 Ke6 39.a6 Nxa6 40.Rxa6 Ke5 41.Kf2 Kd4 42.Ke2 c4 43.Kd2 h6
44.h4 g5 45.h5 g4 46.Ra7 e5 47.Rh7  1-0

[Event "Las Palmas op"]
[Site "Las Palmas"]
[Date "1996.??.??"]
[Round "8"]
[White "Ivanov, Mikhail M"]
[Black "Solana Suarez, Ernesto"]
[Result "1-0"]
[WhiteElo "2465"]
[BlackElo "2320"]

1.Nf3 Nf6 2.c4 c5 3.Nc3 e6 4.g3 b6 5.e4 Bb7 6.Qe2 Nc6 7.Bg2 d6 8.O-O Be7
9.Rd1 O-O 10.d4 cxd4 11.Nxd4 Nxd4 12.Rxd4 Qc8 13.b3 a6 14.Bb2 Qc7 15.Rad1 Rfd8
16.R4d3 Bc6 17.g4 b5 18.g5 Nd7 19.Qh5 bxc4 20.Rf3 f6 21.Qg4 f5 22.Qh5 g6
23.Qh4 Rf8 24.Rh3 h5 25.Ne2 e5 26.Ng3 f4 27.Nxh5 Kf7 28.Nxf4 exf4 29.Qh7+ Ke8
30.Qxg6+ Kd8 31.Rh7 Re8 32.e5 Nf8 33.Qh6 d5 34.Rf7 Kc8 35.bxc4 Kb8 36.Ba3 Bxg5
37.Qg7 Bd7 38.Bd6 f3 39.Bxc7+ Kxc7 40.Rxf8 Rxf8 41.Qxg5 fxg2 42.e6  1-0

[Event "Lazne Bohdanec"]
[Site "Lazne Bohdanec"]
[Date "1996.??.??"]
[Round "2"]
[White "Jirovsky, Milos"]
[Black "Neverov, Valeriy"]
[Result "1-0"]
[WhiteElo "2420"]
[BlackElo "2515"]

1.Nf3 Nf6 2.c4 g6 3.Nc3 c5 4.g3 Nc6 5.Bg2 Bg7 6.O-O O-O 7.d4 cxd4 8.Nxd4 Nxd4
9.Qxd4 d6 10.Qd3 Be6 11.Bd2 Qc8 12.b3 Bh3 13.Rac1 Bxg2 14.Kxg2 e6 15.Rfd1 Rd8
16.Bg5 Rd7 17.Bxf6 Bxf6 18.Qf3 Bxc3 19.Rxc3 Qc5 20.Qf6 Rc8 21.Rf3 b5 22.Rd4 Qb6
23.Rh4 bxc4 24.bxc4 Qd8 25.Qd4 Qg5 26.Qb2 Qe5 27.Qd2 Rb7 28.Rb3 Rcb8 29.Qh6 Qg7
30.Qe3 Qe5 31.Qxe5 dxe5 32.Rxb7 Rxb7 33.c5 Rc7 34.Rc4 e4 35.f3 exf3+ 36.Kxf3 f6
37.Ke3 Kf7 38.Kd4 Rd7+ 39.Kc3 Rc7 40.Kb4 e5 41.c6 Ke6 42.Kc5 f5 43.Rb4 g5
44.Rb7 Rc8 45.Rxh7 f4 46.c7 e4 47.gxf4 gxf4 48.Kc6 Rf8 49.Rd7  1-0

[Event "Lazne Bohdanec-B"]
[Site "Lazne Bohdanec"]
[Date "1996.??.??"]
[Round "8"]
[White "Pribyl, Josef"]
[Black "Hlavnicka, Jiri"]
[Result "1-0"]
[WhiteElo "2415"]
[BlackElo "2210"]

1.c4 Nf6 2.Nf3 c5 3.Nc3 g6 4.d4 cxd4 5.Nxd4 Nc6 6.g3 Bg7 7.Bg2 O-O 8.O-O Nxd4
9.Qxd4 d6 10.Qd3 a6 11.Bd2 Bf5 12.e4 Bg4 13.b3 Rb8 14.Rac1 Nd7 15.h3 Be6
16.Qe2 Nf6 17.Kh2 Bd7 18.Rfd1 Ne8 19.Be3 Be6 20.c5 Qa5 21.Nd5 Bxd5 22.Rxd5 Nc7
23.Rd3 Ne8 24.cxd6 Nxd6 25.Rd5 b5 26.Bc5 Rfd8 27.Rcd1 Bf8 28.e5 Ne8 29.e6 f6
30.b4 Qc7 31.Rd7  1-0

[Event "Leiner op"]
[Site "Leiner"]
[Date "1996.??.??"]
[Round "1"]
[White "Horvath, Gyula"]
[Black "Stuhlik, Marko"]
[Result "1-0"]
[WhiteElo "2445"]
[BlackElo "2225"]

1.c4 c5 2.Nf3 Nf6 3.Nc3 g6 4.d4 cxd4 5.Nxd4 Bg7 6.e4 d6 7.Be2 O-O 8.O-O Nc6
9.Be3 Bd7 10.f3 a6 11.Qd2 Rc8 12.Rac1 Nh5 13.Nb3 b6 14.Rfd1 Ne5 15.Nd5 Rb8
16.Bg5 f6 17.Be3 f5 18.Bg5 Nf6 19.Nxf6+ Bxf6 20.Bxf6 Rxf6 21.f4 Nc6 22.e5 Re6
23.Bf3  1-0

[Event "Leon-B"]
[Site "Leon"]
[Date "1996.??.??"]
[Round "9"]
[White "Danailov, Silvio"]
[Black "De la Villa Garcia, Jesus Maria"]
[Result "1/2-1/2"]
[WhiteElo "2455"]
[BlackElo "2525"]

1.Nf3 Nf6 2.c4 c5 3.Nc3 d5 4.cxd5 Nxd5 5.e3 e6 6.d4 Be7 7.Bd3 Nc6 8.O-O O-O
9.a3 cxd4 10.exd4 Bf6 11.Be4 Qd6 12.Qd3 g6 13.Bh6 Rd8 14.Rfd1 Nxc3 15.bxc3 Bd7  1/2-1/2

[Event "Liechtenstein op"]
[Site "Liechtenstein"]
[Date "1996.??.??"]
[Round "3"]
[White "Pribyl, Josef"]
[Black "Gentilleau, Jean Philippe"]
[Result "1-0"]
[WhiteElo "2405"]
[BlackElo "2220"]

1.Nf3 c5 2.c4 Nf6 3.Nc3 e6 4.g3 b6 5.Bg2 Bb7 6.O-O Be7 7.b3 O-O 8.Bb2 d6
9.d4 cxd4 10.Nxd4 Bxg2 11.Kxg2 a6 12.Qd3 Qc7 13.Qf3 Ra7 14.Rfd1 Rc8 15.Rd2 Nbd7
16.e4 Qb8 17.Re1 Rac7 18.h3 Qb7 19.Re3 Bf8 20.Qe2 g6 21.Nf3 Ne5 22.Nxe5 dxe5
23.Red3 b5 24.Rf3 Be7 25.cxb5 axb5 26.Qxb5 Qxb5 27.Nxb5 Rc2 28.Rxc2 Rxc2
29.Bxe5 Nxe4 30.a4 f6 31.Bd4 e5 32.Bb6 Nd2 33.Re3 e4 34.a5 f5 35.a6 Ra2 36.a7  1-0

[Event "Anibal op 3rd"]
[Site "Linares"]
[Date "1996.??.??"]
[Round "?"]
[White "Nogueiras, Jesus"]
[Black "Galego, Luis"]
[Result "1-0"]
[WhiteElo "2555"]
[BlackElo "2445"]

1.Nf3 Nf6 2.c4 c5 3.Nc3 e6 4.g3 b6 5.Bg2 Bb7 6.O-O Be7 7.d4 cxd4 8.Qxd4 d6
9.Bg5 a6 10.Bxf6 Bxf6 11.Qf4 Be7 12.Rfd1 Qc7 13.Ng5 O-O 14.Bxb7 Qxb7 15.Nge4 Qc7
16.Nxd6 g5 17.Qe3 Nc6 18.Nde4 Ne5 19.b3 h6 20.Na4 b5 21.cxb5 axb5 22.Rac1 Qa7
23.Nac5 Qb6 24.Qc3 Ng4 25.Nd7 Qb7 26.Qf3  1-0

[Event "Anibal op 3rd"]
[Site "Linares"]
[Date "1996.??.??"]
[Round "?"]
[White "Cifuentes Parada, Roberto"]
[Black "Lobron, Eric"]
[Result "1/2-1/2"]
[WhiteElo "2490"]
[BlackElo "2590"]

1.Nf3 Nf6 2.c4 c5 3.Nc3 e6 4.e4 Nc6 5.Be2 a6 6.O-O Qc7 7.d4 cxd4 8.Nxd4 Bb4
9.Nxc6 dxc6 10.Be3 Bxc3 11.bxc3 c5 12.Qc2 e5 13.f4 Bg4 14.fxe5 Bxe2 15.Qxe2 Qxe5
16.Bf4 Qe6 17.e5 O-O 18.Rad1 Rae8 19.Rfe1 Qf5 20.Qf3 Nh5 21.Bc1 Qxf3 22.gxf3 Re6
23.Rd5 b6 24.a4 a5 25.Kf2 Rfe8 26.Bd2 h6 27.f4 f6 28.Kf3 fxe5 29.fxe5 Kf7
30.Kg4 Kg6 31.Rd6 Rxd6 32.exd6 Nf6+ 33.Kf4 Kf7 34.Rxe8 Kxe8 35.Kf5 Kf7 36.h4 Nd7
37.Bf4 g6+ 38.Ke4 Ke6 39.Bxh6 Ne5 40.d7 Nxd7 41.Bg7 Kd6 42.Kf4 Ke6 43.Ke4  1/2-1/2

[Event "SWE-chB1"]
[Site "Linkoping"]
[Date "1996.??.??"]
[Round "?"]
[White "Eklund, Lars Goran"]
[Black "Zetterberg, Staffan"]
[Result "1/2-1/2"]
[WhiteElo "2320"]
[BlackElo "2210"]

1.Nf3 Nf6 2.c4 c5 3.Nc3 d5 4.d4 cxd4 5.Nxd5 Nxd5 6.cxd5 Qxd5 7.Qxd4 Qxd4
8.Nxd4 Bd7 9.e4 Nc6 10.Nxc6 Bxc6 11.f3 e5 12.Be3 Bb4+ 13.Kf2 O-O 14.Bd3 Rfd8
15.Rhd1 Rd7 16.Bc4 Rad8 17.Ke2 Rxd1 18.Rxd1 Rxd1 19.Kxd1 b6 20.Kc2 Kf8 21.Kb3 Bd6
22.Kc3 Ke7 23.Ba6 Kd7 24.b4 Kc7 25.Bc4 f6 26.b5 Bd7 27.a4 Ba3 28.Bg8 h6 29.Kc4 Kd6
30.h3 Kc7 31.Bf7 Be7 32.f4 exf4 33.Bxf4+ Bd6 34.Be3 Be5 35.Kd5 Bc8 36.Be8 Kd8
37.Bc6 Ke7 38.Kc4 Be6+ 39.Bd5 Bd7 40.a5 Bc7 41.a6 Bb8  1/2-1/2

[Event "Loures2"]
[Site "Loures"]
[Date "1996.??.??"]
[Round "9"]
[White "Spraggett, Kevin"]
[Black "Gaspar, Artur"]
[Result "1-0"]
[WhiteElo "2530"]
[BlackElo "2180"]

1.Nf3 c5 2.c4 Nf6 3.Nc3 e6 4.g3 b6 5.Bg2 Bb7 6.O-O Be7 7.b3 a6 8.Bb2 d6 9.d4 cxd4
10.Nxd4 Bxg2 11.Kxg2 Qc8 12.e3 Qb7+ 13.Qf3 Qxf3+ 14.Kxf3 O-O 15.Rfd1 Rc8
16.Ke2 Nc6 17.Rac1 Nxd4+ 18.exd4 d5 19.Na4 Nd7 20.cxd5 exd5 21.Nc3 Nf6 22.f3 Bd6
23.Kd3 Kf8 24.Rc2 Rc6 25.a4 Rac8 26.Rcc1 h5 27.Ne2 Rxc1 28.Bxc1 Ke8 29.Bg5 Nh7
30.Bd2 Kd7 31.Nc3 Nf6 32.Bg5 Bb4 33.Na2 Be7 34.Bxf6 gxf6 35.Nc3 Kd6 36.Re1 Bf8
37.f4 Bh6 38.Nd1 Rc1 39.Kd2 Ra1 40.Re8 Ra2+ 41.Kd3 h4 42.Rh8 hxg3 43.hxg3 Bg7
44.Rg8 Bh6 45.Ne3 Ke6 46.Re8+ Kd7 47.Rh8 Rb2 48.Rxh6 Rxb3+ 49.Kd2 Rb4 50.Nc2 Rxa4
51.Rxf6 b5 52.Rxf7+ Ke6 53.Rb7 Kf5 54.Kd3 Kg4 55.Rg7+ Kf5 56.Rg5+ Ke6 57.Re5+  1-0

[Event "RL-chB"]
[Site "Ludwigshafen"]
[Date "1996.??.??"]
[Round "?"]
[White "Diehl, Klaus"]
[Black "Lenz, Andreas"]
[Result "1/2-1/2"]
[WhiteElo "2085"]
[BlackElo "1900"]

1.Nf3 e6 2.c4 Nf6 3.Nc3 c5 4.g3 Nc6 5.Bg2 Be7 6.d4 cxd4 7.Nxd4 a6 8.O-O O-O
9.a3 Qc7 10.b4 d6 11.Bb2 Ne5 12.Rc1 Nxc4 13.Ba1 Qd8 14.Qd3 d5 15.e4 Ne5 16.Qe2 Nc6
17.Nb3 d4 18.Rfd1 e5 19.Nd5 Be6 20.Nc5 Bxc5 21.Rxc5 Nd7 22.Rcc1 Nb6 23.Rc5 Na4
24.Rcc1 Nb6 25.Rc5  1/2-1/2

[Event "Ludwigshafen-ch 10th"]
[Site "Ludwigshafen"]
[Date "1996.??.??"]
[Round "7"]
[White "Bitsch, Volker"]
[Black "Wetzel, Gerhard"]
[Result "1/2-1/2"]
[WhiteElo "1850"]
[BlackElo "2030"]

1.c4 Nf6 2.Nc3 e6 3.Nf3 c5 4.e3 Be7 5.Be2 O-O 6.O-O Nc6 7.b3 d5 8.Bb2 d4
9.exd4 cxd4 10.Nb5 d3 11.Bxd3 Qxd3 12.Re1 a6 13.Nbd4 Nxd4 14.Bxd4 Rd8 15.Bb6 Re8
16.Re3 Qd6 17.c5 Qd5 18.Re5 Qd3 19.Re3 Qg6 20.Ne5 Qh5 21.g4 Qh4 22.Qf3 Rf8
23.Qg2 Nd5 24.Re4 g5 25.Nf3 Qh6 26.h4 f6 27.Rae1 Bd7 28.Nd4 Nxb6 29.cxb6 Qxh4
30.R1e3 Qh6 31.Rxe6 Bxe6 32.Rxe6 Rac8 33.Kf1 Rc1+ 34.Ke2 Re8 35.Qd5 Qh1 36.Re4+ Kh8
37.Kd3 Qf1+ 38.Re2 Rd8 39.Qe6 Rxd4+ 40.Kxd4 Bc5+ 41.Kd3 Qh3+ 42.Re3 Bxe3
43.Qe8+ Kg7 44.Qe7+ Kg8 45.Qe8+  1/2-1/2

[Event "Mar del Plata op"]
[Site "Mar del Plata"]
[Date "1996.??.??"]
[Round "2"]
[White "Palermo, Vicente"]
[Black "Szmetan, Jorge"]
[Result "1/2-1/2"]
[WhiteElo "2225"]
[BlackElo "2405"]

1.Nf3 c5 2.c4 Nf6 3.Nc3 e6 4.g3 b6 5.Bg2 Bb7 6.O-O Be7 7.b3 O-O 8.Bb2 d6
9.d4 cxd4 10.Qxd4 a6 11.Rfd1 Nbd7 12.Ne1 Bxg2 13.Nxg2 Qc7 14.Ne4 Nc5 15.Nxf6+ Bxf6
16.Qd2 Bxb2 17.Qxb2 Rfd8 18.Ne3 Rd7 19.Qd4 Qb7 20.f3 Rad8 21.Rd2 Qc6 22.Rad1 Nb7
23.b4 h6 24.a3 Rc7 25.Rc2 Ra8 26.Rb1 f5 27.h4 Rf7  1/2-1/2

[Event "Mar del Plata op"]
[Site "Mar del Plata"]
[Date "1996.??.??"]
[Round "6"]
[White "Palermo, Vicente"]
[Black "Piscicelli, Daniel"]
[Result "0-1"]
[WhiteElo "2225"]
[BlackElo "2325"]

1.Nf3 c5 2.c4 Nf6 3.Nc3 b6 4.g3 Bb7 5.Bg2 e6 6.O-O Be7 7.b3 O-O 8.Bb2 d5
9.e3 Nc6 10.cxd5 exd5 11.d4 Rc8 12.Ne5 Re8 13.Rc1 Bf8 14.f4 cxd4 15.Nxc6 Rxc6
16.exd4 Ba6 17.Re1 Rxe1+ 18.Qxe1 Re6 19.Qd1 Bb4 20.Qf3 Bxc3 21.Qxc3 Qe8 22.Ba3 Re3
23.Qb4 h5 24.Rd1 Re2 25.Rf1 Qe3+ 26.Kh1 Rxg2 27.Kxg2 Bxf1+ 28.Kxf1 Ng4  0-1

[Event "SVK-ch"]
[Site "Martin"]
[Date "1996.??.??"]
[Round "3"]
[White "Krivoshey, Sergei"]
[Black "Debnar, Lubos"]
[Result "1/2-1/2"]
[WhiteElo "2430"]
[BlackElo "2265"]

1.Nf3 Nf6 2.c4 e6 3.Nc3 c5 4.g3 b6 5.Bg2 Bb7 6.O-O Be7 7.Re1 d6 8.e4 Nbd7
9.d4 cxd4 10.Nxd4 Qb8 11.Nd5 Bd8 12.Nxf6+ Bxf6 13.Nf5 Be7 14.Bf4 Ne5 15.Qe2 a6
16.Nd4 O-O 17.Rad1 Qc7 18.b3 Rac8 19.Bc1 Qc5 20.Be3 Qc7 21.f4 Nd7 22.Bf2 Rfe8
23.Qd2  1/2-1/2

[Event "Wch U20"]
[Site "Medellin"]
[Date "1996.??.??"]
[Round "9"]
[White "Kreiman, Boris"]
[Black "Kalod, Radek"]
[Result "0-1"]
[WhiteElo "2475"]
[BlackElo "2380"]

1.Nf3 Nf6 2.c4 c5 3.Nc3 e6 4.d4 cxd4 5.Nxd4 a6 6.e4 d6 7.Bd3 b6 8.O-O Bb7
9.Be3 Nbd7 10.Bc2 Rc8 11.Qe2 g6 12.Rac1 Bg7 13.Rfd1 O-O 14.Bb1 Qc7 15.b3 Qb8
16.Nf3 Rfd8 17.Bf4 Ne5 18.Nxe5 dxe5 19.Rxd8+ Rxd8 20.Be3 Nd7 21.b4 Bf8 22.a3 Be7
23.Bc2 Qc7 24.f3 Rc8 25.Bb3 Bd8 26.g3 Be7 27.Rd1 Rd8 28.Qb2 Nb8 29.Rxd8+ Qxd8
30.Qd2 Qxd2 31.Bxd2 Nc6 32.Ba4 Nd4 33.Kf2 f5 34.Be3 a5 35.bxa5 bxa5 36.Nb5 Nxb5
37.Bxb5 Bxa3 38.c5 f4 39.gxf4 exf4 40.Bd4 e5 41.c6 Bxc6 42.Bxc6 exd4 43.Ke2 Bd6
44.Kd3 Be5 45.Kc4 Kf7 46.Kd5 Kf6 47.Bb5 g5 48.h3 h6 49.Kc4 Ke6 50.Be8 Bf6
51.Ba4 Ke5 52.Be8 Be7 53.Kd3 Bf6 54.Kc4 Kd6 55.Bg6 a4 56.Kb4 Ke5 57.Bf7 Be7+
58.Kc4 a3 59.Kb3 Bc5 60.Kc2 h5 61.Kd3 g4 62.fxg4 hxg4 63.hxg4 f3  0-1

[Event "Metz op"]
[Site "Metz"]
[Date "1996.??.??"]
[Round "?"]
[White "Ragozin, Evgeni"]
[Black "Eingorn, Vereslav S"]
[Result "0-1"]
[WhiteElo "2475"]
[BlackElo "2580"]

1.c4 c5 2.Nf3 b6 3.Nc3 Nf6 4.e3 e6 5.d4 d6 6.d5 e5 7.e4 a6 8.h3 Nbd7 9.a4 Be7
10.g4 h5 11.g5 Nh7 12.h4 g6 13.Rg1 Ndf8 14.Be2 f6 15.gxf6 Bxf6 16.Ng5 Nxg5
17.Bxg5 Bxg5 18.Rxg5 Qf6 19.Ra3 Qf4 20.Rb3 Qxh4 21.Qc1 Rb8 22.a5 Rh7 23.Qe3 Rhb7
24.Qg3 Qxg3 25.Rxg3 bxa5 26.Rxb7 Rxb7 27.Nd1 a4 28.Kd2 Kf7 29.Kc2 Nh7 30.Rg1 Nf6
31.Nc3 Bd7 32.f3 h4 33.Kc1 Nh5 34.Bf1 Kf6  0-1

[Event "Milan"]
[Site "Milan"]
[Date "1996.??.??"]
[Round "3"]
[White "Lanzani, Mario"]
[Black "Cebalo, Miso"]
[Result "0-1"]
[WhiteElo "2320"]
[BlackElo "2495"]

1.Nf3 Nf6 2.c4 c5 3.Nc3 g6 4.d4 cxd4 5.Nxd4 Bg7 6.g3 Nc6 7.Bg2 Qa5 8.O-O Qc5
9.Ndb5 O-O 10.Na3 d6 11.h3 Qh5 12.e4 Qxd1 13.Rxd1 Be6 14.Bd2 Nd7 15.b3 Rfc8
16.Rac1 a6 17.Be3 Rab8 18.Bf1 Nc5 19.f3 Nb4 20.Rd2 b5 21.Nd5 Bxd5 22.exd5 Nd7
23.Rcd1 Ra8 24.f4 f5 25.Nb1 bxc4 26.Bxc4 a5 27.g4 fxg4 28.hxg4 Nf6 29.g5 Ne4
30.Rg2 a4 31.Bd4 axb3 32.Bxg7 bxa2 33.Bxa2 Kxg7 34.Bb3 Nc3 35.Nxc3 Rxc3 36.Rb2 Nd3
37.Rbd2 Nxf4 38.Ba2  0-1

[Event "Milan"]
[Site "Milan"]
[Date "1996.??.??"]
[Round "5"]
[White "Lanzani, Mario"]
[Black "Vujovic, Milivoje"]
[Result "1-0"]
[WhiteElo "2320"]
[BlackElo "2345"]

1.Nf3 Nf6 2.c4 c5 3.Nc3 b6 4.e3 e6 5.d4 d6 6.Be2 Be7 7.O-O Bb7 8.d5 exd5
9.cxd5 O-O 10.e4 Re8 11.Nd2 Bf8 12.f3 Na6 13.Nc4 Nc7 14.a4 Rb8 15.Bf4 Nh5
16.Be3 Nf6 17.Qd2 Bc8 18.b4 cxb4 19.Nb5 a5 20.Na7 Na8 21.Nc6 Qc7 22.Nxb8 Qxb8
23.Bd4 Nd7 24.Ne3 Nc5 25.Bb5 Rd8 26.Qb2 Nc7 27.Bc6 Nd3 28.Qc2 Ba6 29.Rfd1 Nc5
30.e5 dxe5 31.Bxe5 f6 32.Bg3 Qc8 33.Qf5 Ne8 34.Qxc8 Rxc8 35.Nf5 b3 36.Rd2 Nd3
37.Rb1 g6 38.Rxb3 Bc5+ 39.Kh1 Nc1 40.Rc3 gxf5 41.Rxc1 Be3 42.Rcd1 f4 43.Bf2 Bxd2
44.Rxd2 Nd6 45.Rd4 b5 46.Rxf4 bxa4 47.Rxf6 Nb5 48.Rf4 Rb8 49.Rxa4 Nc3 50.Rg4+ Kf7
51.h4 Rb4 52.Rxb4 axb4 53.Bd4 Bb5 54.g4 Ne2 55.Be5 Bxc6 56.dxc6 Ke6 57.c7 Kd7
58.g5 b3 59.Kg2 Nf4+ 60.Kg3 Nd3 61.Bc3 Kxc7 62.h5 Kd7 63.g6 hxg6 64.h6 g5
65.h7 Nf4 66.h8=Q  1-0